| 000 | 00973nam0a22003011 4500 | ||
|---|---|---|---|
| 001 | RU\INFOCOMM_318\NLR\5000084826 | ||
| 005 | 20250613104606.0 | ||
| 035 | _a(NLR Aleph) 009507499 | ||
| 090 |
_a8744914 _c8744914 |
||
| 100 | _a20121204d1979 |||y0rusy50 ca | ||
| 101 | 0 | _aita | |
| 102 | _aRU | ||
| 105 | _ay z ||||| | ||
| 200 | 1 |
_aEstructura de la sustancia _fM. J. Karapetiants, S. I. Drakin |
|
| 205 | _a2-a ed. | ||
| 210 |
_aM. _cMir _d1979 |
||
| 215 |
_a390 с. _cил. _d22 см |
||
| 300 | _aДоп. тит. л. на рус. яз.: Строение вещества / М. Х. Карапетьянц, С. И. Дракин | ||
| 620 | _aМосква | ||
| 686 |
_aХ-14 _2rubbk |
||
| 686 |
_aГ112я73-1 _2rubbk |
||
| 700 | 1 |
_9z01790 _aKarapet'janc _bM. Ch. _f1914- _gMichail Christoforovič |
|
| 790 | 1 |
_9z01700 _aKarapetiants _bM. J. _4070 |
|
| 801 | 1 |
_aRU _bNLR _c20121204 |
|
| 801 | 0 |
_aRU _bINFOCOMM _gPSBO |
|
| 852 |
_aNLR _jХ01 Д-5/252 |
||
| 942 | _cBOOK | ||
| 980 | _aNB | ||